Normal view
MARC view
Entry Genre/Form Term
001 - CONTROL NUMBER
- control field: 20594
003 - CONTROL NUMBER IDENTIFIER
- control field: ARRUPE
005 - DATE AND TIME OF LATEST TRANSACTION
- control field: 20151028100824.0
008 - FIXED-LENGTH DATA ELEMENTS
- fixed length control field: 151028|| aca||aabn | a|a d
040 ## - CATALOGING SOURCE
- Original cataloging agency: ARRUPE
- Transcribing agency: ARRUPE
155 ## - HEADING--GENRE/FORM TERM
- Genre/form term: Love stories.
670 ## - SOURCE DATA FOUND
- Source citation: Work cat.: (ARRUPE)0: Williams, Niall, 1958- 20592, As it is in heaven /, c1999.